000
00326nam a2200121 a 4500
005
20140414131858.0
008
100914s19uu xx 00 eng d
050
_a
FIL
_b
P93 2005
100
_a
Santos, Marivic
245
_a
A princess, a prince and a plant.
260
_a
Manila, Philippines :
_b
Jo-Es,
_c
2005.
999
_c
110528
_d
110528